| 000 | 00725nam a2200205 a 4500 | ||
|---|---|---|---|
| 999 |
_c2286 _d2286 |
||
| 001 | 2286 | ||
| 003 | BD-JhCC | ||
| 005 | 20171031190927.0 | ||
| 008 | 171031s2008 bg |||| |||| 000 0 ben d | ||
| 035 | _a(BD-JhCC)2286 | ||
| 040 |
_aBD-JhCC _dBD-JhCC |
||
| 041 | _aben | ||
| 082 |
_a809 _bNAS 2008 |
||
| 100 | _aনাসিম, নুরুল করিম | ||
| 245 |
_aবিশ্বসাহিত্যে কথাশিল্পী তেরো / _cনুরুল করিম নাসিম |
||
| 260 |
_aঢাকা : _bঅ্যাডর্ন পাবলিকেশন ; _c২০০৮ |
||
| 300 |
_a৯৫ পৃ.; _c২২ সে.মি. |
||
| 650 | _aWorld literature History and critism | ||
| 942 |
_2ddc _cBK |
||